| Поле | Инд. | ПП | Название | Значение |
|---|---|---|---|---|
| Тип записи | a | |||
| Библиографический уровень | m | |||
| 001 | Контрольный номер | a42cfa04-42e4-411c-8e7f-60b9bd657789 | ||
| 005 | Дата корректировки | 20131111213512.2 | ||
| 008 | Кодируемые данные | 010129 d | ||
| 020 | a | ISBN | 5-235-00378-0 (в пер.) | |
| c | Цена, тираж | 3.10 | ||
| 040 | a | Служба первич. каталог. | RU-RKP | |
| 040 | a | Служба первич. каталог. | НБ ТвГУ | |
| 041 | a | Код языка текста | rus | |
| 080 | a | Индекс УДК | 929Вашингтон | |
| a | Индекс УДК | 973(092) | ||
| a | Индекс УДК | 32(73)(092) | ||
| 084 | a | Индекс другой классификации/Индекс ББК | Т3(7США)0-8 | |
| a | Индекс другой классификации/Индекс ББК | Ф2(7США) | ||
| 090 | a | Полочн. индекс | Т3(7США) | |
| x | Авторский знак | Я47 | ||
| 100 | 1_ | a | Автор | Яковлев Николай Николаевич |
| t | Вашингтон | |||
| 245 | a | Заглавие | Избранные произведения | |
| c | Ответственность | Н.Н. Яковлев | ||
| 260 | 0_ | a | Место издания | Москва |
| b | Издательство | Молодая гвардия | ||
| c | Дата издания | 1989 | ||
| 300 | a | Объем | 606,[1] с., [16] л. ил. | |
| c | Размеры | 22 см | ||
| 500 | a | Примечание | Содерж.: Вашингтон; Преступившие грань: О В. Вильсоне, Дж. и Р. Кеннеди. | |
| 504 | a | Библиография | Библиогр.: с. 264. - Библиогр. в примеч.: с. 594-605. | |
| 650 | a | Основная рубрика | Деятели государственные и политические | |
| 650 | a | Основная рубрика | США | |
| x | Основная подрубрика | История | ||
| y | Хронологическая подрубрика | 18-20 вв. | ||
| 650 | a | Основная рубрика | Вашингтон, Джордж, о нем | |
| 650 | a | Основная рубрика | Вильсон, Томас Вудро, о нем | |
| 650 | a | Основная рубрика | Кеннеди, Джон Фицджералд, о нем | |
| 650 | a | Основная рубрика | Кеннеди, Роберт Фрэнсис, о нем | |
| 650 | a | Основная рубрика | Деятели государственные и политические | |
| 653 | a | Ключевые слова | Вашингтон | |
| a | Ключевые слова | Вильсон | ||
| a | Ключевые слова | Государственные деятели | ||
| a | Ключевые слова | История США | ||
| a | Ключевые слова | Кеннеди | ||
| a | Ключевые слова | Персоналии | ||
| a | Ключевые слова | Президенты США | ||
| 700 | t | Заглавие произведения | Преступившие грань | |
| 852 | t | Порядковый номер экземпляра | 1 | |
| p | Инвентарный номер | 597745 | ||
| 930 | a | Новая/Ретро | персоналии | |
| 954 | a | Дата поступления на обработку | 20000822 | |
| 999 | a | Подразделение 2 | кх | |
| a | Подразделение 2 | каб.источ. |